Licence v ekonomickem rozvoji socialistickych zemi (Record no. 942)

MARC details
000 -LEADER
fixed length control field 00499nam a22002057i 4500
001 - CONTROL NUMBER
control field 952
003 - CONTROL NUMBER IDENTIFIER
control field OSt
005 - DATE AND TIME OF LATEST TRANSACTION
control field 20170126082248.0
007 - PHYSICAL DESCRIPTION FIXED FIELD--GENERAL INFORMATION
fixed length control field tu
008 - FIXED-LENGTH DATA ELEMENTS--GENERAL INFORMATION
fixed length control field 161220s1989 xxu||||| |||| 00| 0 d
024 7# - OTHER STANDARD IDENTIFIER
Standard number or code 951
Source of number or code RID
040 ## - CATALOGING SOURCE
Transcribing agency OSt
084 ## - OTHER CLASSIFICATION NUMBER
Classification number 15.506
Number source z
110 2# - MAIN ENTRY--CORPORATE NAME
Corporate name or jurisdiction name as entry element EU-CSAV
Relator term Ed.
242 00 - TRANSLATION OF TITLE BY CATALOGING AGENCY
Title Lizenzen, wirtsch.Entwicklung d.sozialist.Länder betreffend
245 00 - TITLE STATEMENT
Title Licence v ekonomickem rozvoji socialistickych zemi
260 ## - PUBLICATION, DISTRIBUTION, ETC.
Place of publication, distribution, etc. Praha,
Date of publication, distribution, etc. 1989.
300 ## - PHYSICAL DESCRIPTION
Dimensions 21cm
651 ## - SUBJECT ADDED ENTRY--GEOGRAPHIC NAME
Geographic name Eastern Europe
942 ## - ADDED ENTRY ELEMENTS (KOHA)
Koha item type Book
Holdings
Withdrawn status Lost status Damaged status Not for loan Home library Current library Shelving location Date acquired Inventory number Total Checkouts Full call number Barcode Date last seen Price effective from Koha item type
        WIIW WIIW Souterrain 10/14/1992 952   I-696/3-89 300950 01/26/2017 01/26/2017 Book
The Vienna Instiute for International Economic Studies (wiiw)